000 01023nam a22003137a 4500
003 CHAP
005 20220329134457.0
008 971013s1977 r 00010 d
010 _a20941
011 _a21913
035 _a26004
040 _cCHAP
090 _aFolleto 4179
100 0 0 _aDonoso L., José G.
_933972
245 _aAnatomía externa de los insectos
260 _aQuito :
_bUniversidad Central de Ecuador, Escuela de Ingeniería Agrícola,
_c1977
300 _a28 p.
_b: ilus.
490 _aBoletín didáctico
_v; 6
590 _aBATCH-UPD
_b10
_c20130110
_lUCH01
_h1925
590 _aBATCH-UPD
_b10
_c20130410
_lUCH01
_h1250
590 _aBATCH-UPD
_b10
_c20130914
_lUCH01
_h1646
590 _aCONVERSION
_b10
_c20130109
_lUCH01
_h1312
650 1 4 _aInsectos
_xAnatomía y fisiología.
_958891
830 0 _aBoletín didáctico
_v; 6
_913545
901 _aBK
942 _cFOLL
949 _aFolleto 4179
_bBC
_cFOLL
_d-60090
_eTS1
_i26004
_mD
_si
949 _aFolleto 4179
_bBC
_cFOLL
_d-60091
_eTS2
_fc.2
_i26004
_si
999 _c20941
_d20941